[Event "47th Biel Master Open"]
[Site "Biel SUI"]
[Date "2014.07.22"]
[Round "8.6"]
[White "Erdos, Viktor"]
[Black "Cvitan, Ognjen"]
[Result "1/2-1/2"]
[WhiteTitle "GM"]
[BlackTitle "GM"]
[WhiteElo "2648"]
[BlackElo "2535"]
[WhiteFideId "719978"]
[BlackFideId "14500086"]
[EventDate "2014.07.14"]

1. Nf3 c5 2. c4 g6 3. d4 cxd4 4. Nxd4 Nc6 5. e4 Nf6 6. Nc3 d6 7. Be2 Nxd4 8.
Qxd4 Bg7 9. Be3 O-O 10. Qd2 Be6 11. Rc1 Qa5 12. f3 Rfc8 13. b3 a6 14. Na4 Qxd2+
15. Kxd2 Nd7 16. g4 f5 17. exf5 gxf5 18. h3 Rf8 19. f4 Rad8 20. Nc3 d5 21. cxd5
Nf6 22. Bb6 Nxd5 23. Nxd5 Rd6 24. Bc5 Rxd5+ 25. Ke3 Rd7 26. Rhd1 Rfd8 27. Bf3
Kf7 28. Bb6 Rxd1 29. Rxd1 Rxd1 30. Bxd1 Bb2 31. Kf2 Bd5 32. Bc2 fxg4 33. hxg4 h6
34. Be3 e6 35. Bd1 Be4 36. Bf3 Bb1 37. a4 Bc2 38. Bxb7 Bxb3 39. Bxa6 Bxa4 40.
Bc4 Kf6 41. Kg3 Bc2 1/2-1/2

[Event "47th Biel Master Open"]
[Site "Biel SUI"]
[Date "2014.07.22"]
[Round "8.7"]
[White "Shankland, Samuel L"]
[Black "Cebalo, Miso"]
[Result "1-0"]
[WhiteTitle "GM"]
[BlackTitle "GM"]
[WhiteElo "2632"]
[BlackElo "2426"]
[WhiteFideId "2004887"]
[BlackFideId "14500094"]
[EventDate "2014.07.14"]

1. d4 Nf6 2. c4 c6 3. d5 e6 4. Nc3 exd5 5. cxd5 d6 6. Nf3 g6 7. Bf4 a6 8. a4 Bg7
9. h3 O-O 10. e3 Ne8 11. Be2 Nd7 12. O-O Qe7 13. Qb3 Ne5 14. a5 Nxf3+ 15. Bxf3
f5 16. Na4 g5 17. Bh2 g4 18. hxg4 fxg4 19. Be2 Be5 20. Bxe5 Qxe5 21. Nb6 Rb8 22.
Nxc8 Rxc8 23. Bxg4 Rc7 24. Be6+ Kh8 25. Qc3 Qf6 26. Ra4 Qxc3 27. bxc3 Ng7 28.
Bh3 Re8 29. Rb1 Re5 30. c4 Ne8 31. Ra3 Kg7 32. Rab3 Ree7 33. Kf1 Nf6 34. Ke2 Ne4
35. f3 Ng5 36. Bf5 1-0

[Event "47th Biel Master Open"]
[Site "Biel SUI"]
[Date "2014.07.22"]
[Round "8.8"]
[White "Benkovic, Petar"]
[Black "Swiercz, Dariusz"]
[Result "0-1"]
[WhiteTitle "IM"]
[BlackTitle "GM"]
[WhiteElo "2434"]
[BlackElo "2617"]
[WhiteFideId "922641"]
[BlackFideId "1126881"]
[EventDate "2014.07.14"]

1. d4 Nf6 2. Nf3 e6 3. c4 b6 4. g3 Bb7 5. Bg2 g6 6. O-O Bg7 7. Nc3 Ne4 8. Nxe4
Bxe4 9. Ne1 Bxg2 10. Nxg2 d5 11. Qa4+ Qd7 12. Qxd7+ Nxd7 13. cxd5 exd5 14. Rd1
O-O-O 15. Bg5 Rde8 16. Be3 Kb7 17. Rac1 Re4 18. Rc2 Rc8 19. Kf1 c6 20. f3 Ree8
21. Bf2 Bh6 22. Rd3 Nf8 23. Be3 Bg7 24. Nf4 Ne6 25. Nxe6 Rxe6 26. Bf4 Bf8 27.
Rd1 Rce8 28. h4 h5 29. Rd3 a5 30. b3 a4 31. Rd1 f5 32. Rb1 axb3 33. axb3 Ra8 34.
Kf2 Bb4 35. Bd2 Be7 36. Rbb2 c5 37. Bc3 Ra3 38. Rb1 Rc6 39. Bb2 Rxb3 40. dxc5
Rxc5 41. Rd2 Rcb5 0-1

[Event "47th Biel Master Open"]
[Site "Biel SUI"]
[Date "2014.07.22"]
[Round "8.9"]
[White "Raetsky, Alexander"]
[Black "Banusz, Tamas"]
[Result "0-1"]
[WhiteTitle "GM"]
[BlackTitle "GM"]
[WhiteElo "2431"]
[BlackElo "2595"]
[WhiteFideId "4103203"]
[BlackFideId "722413"]
[EventDate "2014.07.14"]

1. d4 Nf6 2. c4 e6 3. g3 Bb4+ 4. Nd2 d5 5. Bg2 O-O 6. Qc2 b6 7. Nf3 Bb7 8. cxd5
exd5 9. O-O Re8 10. Ne5 Bf8 11. b3 c5 12. Bb2 Nc6 13. Nxc6 Bxc6 14. dxc5 bxc5
15. Nc4 Qe7 16. Rad1 Rad8 17. Ne5 Bb7 18. e3 Rc8 19. Rfe1 Red8 20. Qf5 Qe6 21.
Qxe6 fxe6 22. Bh3 Re8 23. f3 a5 24. Rc1 Bd6 25. Rc2 Ba6 26. Rd1 a4 27. Nd3 Kf7
28. Kf2 Nd7 29. Nf4 Nb6 30. Ba3 Rc7 31. Nd3 Rec8 32. Nf4 Bxf4 33. gxf4 g6 34.
Rdc1 Nd7 35. b4 Bd3 36. Rc3 c4 37. Bb2 Bf5 38. Bxf5 exf5 39. Ra3 Rb7 40. e4 dxe4
41. fxe4 fxe4 42. Rxa4 Nb6 43. Ra5 Rd7 44. Be5 Rd3 45. Ra7+ Nd7 46. Rc7 Ra8 47.
Rc2 Ke6 48. R7xc4 Kf5 49. Re2 e3+ 50. Kf3 g5 51. h3 h5 52. b5 g4+ 53. hxg4+
hxg4+ 54. Kg3 Rd2 55. Rc2 Rxc2 56. Rxc2 Nxe5 57. Rc5 Re8 58. Rxe5+ Rxe5 59. fxe5
Ke4 60. e6 e2 61. Kf2 Kd3 62. e7 g3+ 0-1

[Event "47th Biel Master Open"]
[Site "Biel SUI"]
[Date "2014.07.22"]
[Round "8.10"]
[White "Bok, Benjamin"]
[Black "Vokarev, Sergey"]
[Result "1-0"]
[WhiteTitle "GM"]
[BlackTitle "GM"]
[WhiteElo "2586"]
[BlackElo "2432"]
[WhiteFideId "1017063"]
[BlackFideId "4119711"]
[EventDate "2014.07.14"]

1. e4 e5 2. Nf3 Nc6 3. Bc4 Bc5 4. O-O Nf6 5. d3 O-O 6. Nbd2 d6 7. c3 a6 8. Bb3
Re8 9. Re1 Be6 10. Nf1 Bxb3 11. axb3 h6 12. b4 Ba7 13. Nh4 d5 14. Qf3 dxe4 15.
dxe4 Re6 16. Nf5 Ne7 17. N1g3 Qe8 18. Nxe7+ Qxe7 19. Nf5 Qf8 20. Rd1 Kh7 21. Be3
Bxe3 22. Nxe3 Kg8 23. Nc4 c5 24. bxc5 Qxc5 25. Ne3 Rb6 26. Rd2 Qc6 27. Nd5 Nxd5
28. exd5 Qc5 29. Re1 Re8 30. Qg3 Rg6 31. Rxe5 Rd8 32. Qd3 a5 33. h4 Rgd6 34. c4
a4 35. Rde2 Rf8 36. Re8 Rd8 37. Rxf8+ Qxf8 38. Qd4 Qb4 39. Re4 b6 40. Rg4 g6 41.
h5 g5 42. Re4 Qd6 43. g3 Kh7 44. Re3 b5 45. Rf3 Rd7 46. Rf6 1-0

[Event "47th Biel Master Open"]
[Site "Biel SUI"]
[Date "2014.07.22"]
[Round "8.11"]
[White "Kovacevic, Aleksandar"]
[Black "Donchenko, Alexander"]
[Result "1/2-1/2"]
[WhiteTitle "GM"]
[BlackTitle "IM"]
[WhiteElo "2564"]
[BlackElo "2499"]
[WhiteFideId "903124"]
[BlackFideId "24603295"]
[EventDate "2014.07.14"]

1. e4 c6 2. d4 d5 3. exd5 cxd5 4. c4 Nf6 5. Nc3 Nc6 6. Nf3 Bg4 7. cxd5 Nxd5 8.
Qb3 Bxf3 9. gxf3 e6 10. Qxb7 Nxd4 11. Bb5+ Nxb5 12. Qc6+ Ke7 13. Qxb5 Nxc3 14.
bxc3 Rb8 15. Qc5+ Ke8 16. Qxa7 Bd6 17. Bf4 Bxf4 18. Qa4+ Ke7 19. Qxf4 Qd3 20.
Qc7+ Kf6 21. Qf4+ Ke7 22. Qc7+ Kf6 23. Qf4+ Ke7 1/2-1/2

[Event "47th Biel Master Open"]
[Site "Biel SUI"]
[Date "2014.07.22"]
[Round "8.12"]
[White "Cherniaev, Alexander"]
[Black "Studer, Noel"]
[Result "0-1"]
[WhiteTitle "GM"]
[BlackTitle "FM"]
[WhiteElo "2434"]
[BlackElo "2375"]
[WhiteFideId "4117301"]
[BlackFideId "1319620"]
[EventDate "2014.07.14"]

1. g3 Nf6 2. Bg2 e6 3. c4 c5 4. Nf3 a6 5. Nc3 Qc7 6. O-O Be7 7. b3 O-O 8. Bb2 b6
9. Rc1 Bb7 10. e3 d6 11. d4 Nbd7 12. h3 Rac8 13. d5 exd5 14. cxd5 b5 15. Nh4
Rfe8 16. e4 Bf8 17. Re1 Qb6 18. Bf1 Qd8 19. Qc2 g6 20. Nf3 Nb6 21. Nd2 Nh5 22.
a4 b4 23. Ne2 Bh6 24. Rcd1 a5 25. g4 Nf4 26. Nxf4 Bxf4 27. Bb5 Rf8 28. Nf3 f6
29. Bc1 Bxc1 30. Qxc1 Rc7 31. Qf4 Kh8 32. Kh2 Rg7 33. Rg1 Qe7 34. Rde1 Bc8 35.
Nd2 Bd7 36. Bd3 Qe5 37. Qg3 Rfg8 38. Re2 Re8 39. Rge1 Rge7 40. Re3 Kg7 41. R1e2
g5 42. Re1 Rh8 43. Be2 Rb8 44. Rf1 Be8 45. Rc1 Bg6 46. Re1 Rd8 47. Kg2 Bf7 48.
h4 h6 49. hxg5 hxg5 50. Rh1 Qxg3+ 51. Kxg3 Bg6 52. Bb5 Be8 53. Bd3 Bg6 54. Bb5
Be8 55. Ba6 Ra8 56. Be2 Bg6 57. Rh2 Raa7 58. Kg2 Re5 59. Bb5 Rae7 60. Reh3 Rxe4
61. Nxe4 Bxe4+ 62. f3 Bxd5 63. Rh7+ Kf8 64. R7h6 Kf7 65. Rh7+ Ke6 66. Rh8 Bxb3
67. Kg3 Nc4 68. Re2+ Ne5 69. Ra8 c4 70. Rxa5 c3 71. Bd3 Rc7 72. Bf5+ Ke7 73. Re1
Bc4 74. Ra8 b3 75. Rb8 Bd5 76. Rb4 Bc4 77. Rb6 c2 78. Rc1 Bf7 79. a5 Rc3 80.
Rb7+ Kf8 81. a6 Bd5 82. Rb8+ Ke7 83. Rb7+ Bxb7 84. axb7 Nc6 85. Re1+ Kd8 0-1

[Event "47th Biel Master Open"]
[Site "Biel SUI"]
[Date "2014.07.22"]
[Round "8.13"]
[White "Ganguly, Surya Shekhar"]
[Black "Rindlisbacher, Lars"]
[Result "1-0"]
[WhiteTitle "GM"]
[BlackTitle "FM"]
[WhiteElo "2619"]
[BlackElo "2332"]
[WhiteFideId "5002150"]
[BlackFideId "1304178"]
[EventDate "2014.07.14"]

1. e4 e5 2. Nf3 Nc6 3. Bc4 Bc5 4. b4 Bxb4 5. c3 Be7 6. d4 Na5 7. Bd3 d6 8. dxe5
dxe5 9. Nxe5 Nf6 10. O-O O-O 11. Qc2 c6 12. Nd2 Qc7 13. f4 b6 14. Bb2 Nb7 15.
Nb3 Nc5 16. Nxc5 Bxc5+ 17. Kh1 Be6 18. Rae1 Rad8 19. Bc1 Rfe8 20. Nf3 Ng4 21.
Nd4 Bxd4 22. cxd4 f5 23. d5 Bf7 24. e5 Rxd5 25. Bxf5 Bg6 26. Bxg6 hxg6 27. Qxg6
Qc8 28. h3 Nh6 29. f5 1-0

[Event "47th Biel Master Open"]
[Site "Biel SUI"]
[Date "2014.07.22"]
[Round "8.14"]
[White "Gallagher, Joseph G."]
[Black "Bartel, Marta"]
[Result "1/2-1/2"]
[WhiteTitle "GM"]
[BlackTitle "WGM"]
[WhiteElo "2484"]
[BlackElo "2328"]
[WhiteFideId "1303422"]
[BlackFideId "1123009"]
[EventDate "2014.07.14"]

1. d4 f5 2. c4 Nf6 3. Nc3 e6 4. Bg5 Be7 5. Qc2 O-O 6. Nf3 Ne4 7. Bxe7 Qxe7 8.
Nxe4 fxe4 9. Qxe4 Qb4+ 10. Nd2 Qxb2 11. Rb1 Qxa2 12. e3 d5 13. Qd3 Qa5 14. Qc2
Nd7 15. Bd3 Nf6 16. O-O c6 17. Rb3 Qc7 18. e4 dxe4 19. Nxe4 Ng4 20. Ng3 Nf6 21.
Qe2 Bd7 22. Re1 Rae8 23. Qe5 Qb8 24. h3 b6 25. Ra1 c5 26. Qxb8 Rxb8 27. dxc5
bxc5 28. Rxb8 Rxb8 29. Rxa7 Rb3 30. Be2 Rb8 31. Nh5 Nxh5 32. Bxh5 Be8 33. Bxe8
Rxe8 34. Rc7 Ra8 35. Rxc5 Ra1+ 36. Kh2 Kf7 37. Kg3 Kf6 38. Rc7 Rc1 39. h4 h5 40.
f3 Rc2 41. c5 Ra2 42. c6 Rc2 43. Rc8 Kf7 44. Kh3 Rc3 45. c7 Kg6 46. Kh2 Rc2 47.
Kg3 Rc4 48. Kf2 Kh7 49. Ke3 e5 50. Kd3 Rc5 51. Ke4 g6 52. Ke3 Kg7 53. Kf2 Rc2+
54. Kg3 Rc3 55. Kh2 Rc2 56. Kh3 Rc4 57. g3 Kh7 58. Kg2 Rc2+ 59. Kf1 Kg7 60. Ke1
Kh7 61. Kd1 Rc5 62. Kd2 Kg7 63. Kd3 Kh7 64. Ke3 Rc4 65. Kd3 Rc5 66. Ke4 Kg7 67.
Re8 Rxc7 68. Kxe5 Kf7 69. Rd8 Ra7 70. Rd5 Rb7 71. Rc5 Re7+ 72. Kf4 Ra7 73. Kg5
Kg7 74. f4 Rb7 75. Rd5 Ra7 76. Rb5 Rc7 77. Ra5 Rb7 78. f5 gxf5 79. Ra3 Rf7 80.
Kxh5 f4 81. g4 f3 82. Ra1 f2 83. Rf1 Rf3 84. Kg5 Kh7 85. h5 Kg7 86. Kh4 Kf6 87.
g5+ Kf5 88. g6 Kf6 89. Kg4 Rf5 90. g7 Rg5+ 91. Kh4 Rg1 92. g8=Q Rxg8 93. Rxf2+
Kg7 94. Rg2+ Kh7 95. Rg5 1/2-1/2

[Event "47th Biel Master Open"]
[Site "Biel SUI"]
[Date "2014.07.22"]
[Round "8.15"]
[White "Rambaldi, Francesco"]
[Black "Minko, Vladimir"]
[Result "1-0"]
[WhiteTitle "FM"]
[BlackTitle "FM"]
[WhiteElo "2444"]
[BlackElo "2308"]
[WhiteFideId "20657307"]
[BlackFideId "24146706"]
[EventDate "2014.07.14"]

1. Nf3 Nf6 2. c4 e6 3. g3 d5 4. b3 b6 5. Bg2 Bb7 6. Bb2 Nbd7 7. O-O Be7 8. e3 c5
9. Nc3 O-O 10. Qe2 a6 11. cxd5 exd5 12. d4 Rc8 13. Rfd1 Qc7 14. dxc5 bxc5 15.
Nh4 d4 16. exd4 cxd4 17. Na4 Rfe8 18. Bxb7 Qxb7 19. Bxd4 Ne4 20. Nf5 Bf6 21. Qf3
Rc2 22. Rac1 Rxc1 23. Rxc1 Bxd4 24. Nxd4 Ne5 25. Qg2 Qd5 26. Rd1 Ng4 27. f3 Ne3
28. fxe4 Qd8 29. Qd2 Nxd1 30. Nc5 Qf6 31. b4 Qh6 32. Qxd1 Qe3+ 33. Kg2 Rd8 34.
Ncb3 Qxe4+ 35. Qf3 Qe1 36. h4 Re8 37. a3 h6 38. h5 Qb1 39. Nf5 Re1 40. Nbd4 Re4
41. Kh3 Kh7 42. a4 Re1 43. Ne3 Kg8 44. Ndc2 Rc1 45. Qa8+ Kh7 46. Qe4+ g6 47.
hxg6+ fxg6 48. Qe7+ Kg8 49. Qd8+ Kg7 50. Qe7+ Kg8 51. Qf6 Rh1+ 52. Kg4 Qb3 53.
Qxg6+ Kf8 54. Qd6+ Ke8 55. Qb8+ 1-0

[Event "47th Biel Master Open"]
[Site "Biel SUI"]
[Date "2014.07.22"]
[Round "8.16"]
[White "Antoli Royo, Joaquin Miguel"]
[Black "Nuri, Kambez"]
[Result "1/2-1/2"]
[WhiteTitle "IM"]
[BlackTitle "FM"]
[WhiteElo "2443"]
[BlackElo "2322"]
[WhiteFideId "2259532"]
[BlackFideId "1311433"]
[EventDate "2014.07.14"]

1. e4 e5 2. Nf3 Nf6 3. d4 Nxe4 4. dxe5 d5 5. Nbd2 Nc5 6. Nb3 Bg4 7. Be2 Nc6 8.
Nfd4 Nxb3 9. Nxb3 Bxe2 10. Qxe2 Qe7 11. O-O O-O-O 12. Re1 Kb8 13. c3 g5 14. Be3
Bg7 15. Bd4 Ka8 16. Nc5 Nb8 17. a4 Nd7 18. b4 Nxc5 19. bxc5 Qe6 20. Rab1 Rhe8
21. Rxb7 Kxb7 22. Qb5+ Kc8 23. c6 Rd6 24. Qb7+ Kd8 25. Qb8+ Qc8 26. Qb5 Ree6 27.
Qd3 Bf8 28. Bc5 Rxc6 29. Bxf8 Qd7 30. Bg7 Kc8 31. Bf6 h6 32. a5 Ra6 33. Qh7 Qe8
34. Ra1 c5 35. Qd3 Qd7 36. Qh7 Qe8 37. Qd3 Qd7 38. Qh7 1/2-1/2

[Event "47th Biel Master Open"]
[Site "Biel SUI"]
[Date "2014.07.22"]
[Round "8.17"]
[White "Grandadam, Nicolas"]
[Black "Lampert, Jonas"]
[Result "0-1"]
[WhiteTitle "FM"]
[WhiteElo "2306"]
[BlackElo "2421"]
[WhiteFideId "681806"]
[BlackFideId "1303759"]
[EventDate "2014.07.14"]

1. d4 d5 2. c4 c6 3. cxd5 cxd5 4. Nc3 Nc6 5. Bf4 e5 6. dxe5 d4 7. Ne4 Bf5 8.
Nd6+ Bxd6 9. exd6 Nf6 10. Nf3 Qa5+ 11. Bd2 Qd5 12. g3 d3 13. Bg2 O-O 14. Nh4 Be4
15. Bxe4 Nxe4 16. Qb3 Qxb3 17. axb3 Nd4 18. Rd1 dxe2 19. Rb1 g5 20. Bc3 Nc2+ 21.
Kxe2 gxh4 22. Kd3 Nxc3 23. bxc3 Na3 24. Rbd1 Rfd8 25. c4 Rac8 26. Ra1 Rxd6+ 27.
Ke4 Ra6 28. Ra2 hxg3 29. hxg3 b5 30. cxb5 Re6+ 31. Kf4 Nxb5 32. Rh5 a6 0-1

[Event "47th Biel Master Open"]
[Site "Biel SUI"]
[Date "2014.07.22"]
[Round "8.18"]
[White "Donchenko, Anatoly"]
[Black "Karrer, Damian"]
[Result "1-0"]
[WhiteTitle "IM"]
[WhiteElo "2360"]
[BlackElo "2169"]
[WhiteFideId "4106091"]
[BlackFideId "1310542"]
[EventDate "2014.07.14"]

1. d4 d5 2. c4 c6 3. Nf3 Nf6 4. Qc2 dxc4 5. Qxc4 Bf5 6. g3 e6 7. Bg2 Nbd7 8. Nc3
Be7 9. O-O O-O 10. Re1 Bg6 11. Qb3 Qb6 12. e4 Bb4 13. Nh4 c5 14. Nxg6 hxg6 15.
d5 Ng4 16. Qc2 c4 17. h3 Nge5 18. Be3 Qa5 19. Rf1 b5 20. a4 Bc5 21. axb5 Qc7 22.
Bf4 g5 23. Bxg5 Nf3+ 24. Bxf3 Qxg3+ 25. Bg2 Qxg5 26. Qc1 Qe5 27. Kh1 exd5 28. f4
Qd4 29. Nxd5 Nb6 30. Nc3 Rad8 31. e5 Nc8 32. Qd1 Qe3 33. Qg4 Rd3 34. Nd5 Rxd5
35. Bxd5 Ne7 36. Bg2 Ng6 37. Rae1 Qd2 38. e6 Ne7 39. Re2 Qd3 40. exf7+ Rxf7 41.
Re5 Nf5 42. Rd1 Ne3 43. Rxd3 Nxg4 44. Rd8+ 1-0

[Event "47th Biel Master Open"]
[Site "Biel SUI"]
[Date "2014.07.22"]
[Round "8.19"]
[White "Pomini, Aurelien"]
[Black "Misiano, Franco"]
[Result "0-1"]
[BlackTitle "FM"]
[WhiteElo "2165"]
[BlackElo "2288"]
[WhiteFideId "1320831"]
[BlackFideId "804746"]
[EventDate "2014.07.14"]

1. e4 e6 2. d4 d5 3. Nd2 Nf6 4. e5 Nfd7 5. Ngf3 c5 6. c3 Nc6 7. Bd3 a5 8. O-O g6
9. Re1 Bg7 10. Nf1 cxd4 11. cxd4 O-O 12. b3 f6 13. exf6 Nxf6 14. Bb2 Qb6 15. Rc1
Ng4 16. Ne3 Nxf2 17. Kxf2 Nxd4 18. Ba3 Nxf3 19. gxf3 Rf7 20. Bc5 Qd8 21. Bb5 Bd7
22. Bxd7 Rxd7 23. Ng4 h5 24. Qe2 Qh4+ 25. Kg2 hxg4 26. Qxe6+ Rf7 27. fxg4 Qf6
28. Rcd1 Rd8 29. Qxf6 Bxf6 30. Bb6 Rc8 31. Bxa5 d4 32. Re6 Kg7 33. a4 Bg5 34.
Rxd4 Rc2+ 35. Kg3 Rff2 36. Rd7+ Kh6 37. Be1 Bf4+ 0-1

[Event "47th Biel Master Open"]
[Site "Biel SUI"]
[Date "2014.07.22"]
[Round "8.20"]
[White "Rudolf, Anna"]
[Black "Hasenohr, Benedict"]
[Result "1-0"]
[WhiteTitle "WGM"]
[WhiteElo "2277"]
[BlackElo "2232"]
[WhiteFideId "722855"]
[BlackFideId "1303309"]
[EventDate "2014.07.14"]

1. e4 e6 2. d4 d5 3. Nd2 c5 4. exd5 Qxd5 5. Ngf3 cxd4 6. Bc4 Qd6 7. O-O Nf6 8.
Nb3 Nc6 9. Nbxd4 Nxd4 10. Nxd4 a6 11. Re1 Bd7 12. Bg5 Qc5 13. Bxf6 gxf6 14. Bxe6
fxe6 15. Nxe6 Bxe6 16. Rxe6+ Kf7 17. Qd7+ Be7 18. Rae1 Rhe8 19. Qxb7 Ra7 20. Qe4
Rh8 21. Re3 h5 22. Rc6 Qb4 23. Qe6+ Kg7 24. Rg3+ Kh6 25. Qe3+ Kh7 26. Qd3+ 1-0

[Event "47th Biel Master Open"]
[Site "Biel SUI"]
[Date "2014.07.23"]
[Round "9.1"]
[White "Bartel, Mateusz"]
[Black "Adhiban, Baskaran"]
[Result "1/2-1/2"]
[WhiteTitle "GM"]
[BlackTitle "GM"]
[WhiteElo "2644"]
[BlackElo "2610"]
[WhiteFideId "1112635"]
[BlackFideId "5018471"]
[EventDate "2014.07.14"]

1. e4 c5 2. Nf3 e6 3. d3 Nc6 4. g3 g6 5. Bg5 Qc7 6. Bg2 Bg7 7. c3 Nf6 8. Qe2 O-O
9. O-O h6 10. Bxf6 Bxf6 11. Qe3 Qb6 12. e5 Bg7 13. Nbd2 Qxb2 14. Nc4 Qb5 15. a4
Qa6 16. Qxc5 b6 17. Qb5 Bb7 18. Nd6 Rab8 19. Nd2 Qa5 20. Nxb7 Rxb7 21. Qxa5 bxa5
22. d4 Rfb8 23. Nc4 Bf8 24. Bxc6 dxc6 25. Nxa5 Rb6 26. Rfd1 Ra6 27. Nc4 Rb3 28.
Rdc1 c5 29. dxc5 Bxc5 30. Kf1 g5 31. Ke2 h5 32. Rc2 Kg7 33. Nd2 Rb8 34. Ne4 Be7
35. c4 Kg6 36. f4 Kf5 37. Nxg5 Bxg5 38. fxg5 Ra5 39. Rf1+ Kxg5 40. Rxf7 Rxe5+
41. Kf2 Ra5 42. c5 Rxa4 43. c6 Rc8 44. h4+ Kg6 45. Rd7 Ra5 46. Ke3 Kf5 47. Rh7
Kg6 48. Rb7 Kf6 49. Rh7 Kg6 50. Rd7 Kf5 51. c7 Rd5 52. Rxd5+ exd5 53. Kd4 Ke6
54. Rc6+ Kd7 55. Rc5 Rf8 56. Rxd5+ Kxc7 57. Rg5 Re8 58. Rc5+ Kd6 59. Rd5+ Kc6
60. Ra5 Rg8 61. Rxh5 1/2-1/2

[Event "47th Biel Master Open"]
[Site "Biel SUI"]
[Date "2014.07.23"]
[Round "9.2"]
[White "Rakhmanov, Aleksandr"]
[Black "Mikhalevski, Victor"]
[Result "1/2-1/2"]
[WhiteTitle "GM"]
[BlackTitle "GM"]
[WhiteElo "2626"]
[BlackElo "2539"]
[WhiteFideId "4173708"]
[BlackFideId "2801914"]
[EventDate "2014.07.14"]

1. Nf3 d5 2. d4 Nf6 3. c3 c6 4. Bg5 Ne4 5. Bf4 Qb6 6. Qb3 Bf5 7. e3 Nd7 8. Be2
e6 9. h3 Be7 10. Ne5 Nxe5 11. Bxe5 h5 12. Nd2 h4 13. Nxe4 Bxe4 14. f3 Bh7 15.
Kf2 1/2-1/2

[Event "47th Biel Master Open"]
[Site "Biel SUI"]
[Date "2014.07.23"]
[Round "9.3"]
[White "Hera, Imre Jr."]
[Black "Shankland, Samuel L"]
[Result "1/2-1/2"]
[WhiteTitle "GM"]
[BlackTitle "GM"]
[WhiteElo "2561"]
[BlackElo "2632"]
[WhiteFideId "716855"]
[BlackFideId "2004887"]
[EventDate "2014.07.14"]

1. c4 c5 2. Nf3 Nc6 3. Nc3 Nf6 4. e3 e6 5. d4 d5 6. a3 Ne4 7. Qc2 Nxc3 8. Qxc3
cxd4 9. exd4 dxc4 10. Bxc4 Be7 11. O-O O-O 12. Bf4 Bf6 13. Rab1 Bd7 14. Qd3 Ne7
15. Ne5 Bc6 16. Ng4 Ng6 17. Bg3 h5 18. Nxf6+ Qxf6 19. Qe3 Rfd8 20. Be5 Nxe5 21.
dxe5 Qg6 22. f3 Qc2 23. Qb3 Qf5 24. Qe3 Qc2 25. Qb3 Qf5 26. Qe3 Qc2 1/2-1/2

[Event "47th Biel Master Open"]
[Site "Biel SUI"]
[Date "2014.07.23"]
[Round "9.4"]
[White "Swiercz, Dariusz"]
[Black "Cvitan, Ognjen"]
[Result "1-0"]
[WhiteTitle "GM"]
[BlackTitle "GM"]
[WhiteElo "2617"]
[BlackElo "2535"]
[WhiteFideId "1126881"]
[BlackFideId "14500086"]
[EventDate "2014.07.14"]

1. e4 c5 2. Nf3 e6 3. d4 cxd4 4. Nxd4 a6 5. Be2 Nf6 6. Nc3 d6 7. O-O Be7 8. f4
Qc7 9. Kh1 O-O 10. a4 Nc6 11. Be3 Re8 12. Bf3 Bd7 13. Nb3 b6 14. Qe2 Nb4 15.
Rad1 Bc6 16. Qf2 Rab8 17. Nd4 Ba8 18. Qg3 Rbc8 19. e5 Nfd5 20. Nxd5 Nxd5 21. Bc1
Bf8 22. c3 g6 23. Be2 Bb7 24. Nf3 Rcd8 25. Qf2 Bg7 26. c4 Ne7 27. Be3 Nc8 28.
exd6 Rxd6 29. Ne5 Red8 30. Rc1 Be4 31. b4 f6 32. Nf3 Bd3 33. c5 bxc5 34. Bxc5
Rd5 35. Bxd3 Rxd3 36. Qe2 Qxf4 37. Qxe6+ Kh8 38. Qxa6 f5 39. Bd4 Rxf3 40. Bxg7+
Kxg7 41. Qb7+ 1-0

[Event "47th Biel Master Open"]
[Site "Biel SUI"]
[Date "2014.07.23"]
[Round "9.5"]
[White "Banusz, Tamas"]
[Black "Antipov, Mikhail Al."]
[Result "0-1"]
[WhiteTitle "GM"]
[BlackTitle "GM"]
[WhiteElo "2595"]
[BlackElo "2502"]
[WhiteFideId "722413"]
[BlackFideId "4107012"]
[EventDate "2014.07.14"]

1. Nf3 c5 2. c4 b6 3. g3 Bb7 4. Bg2 Nf6 5. O-O d6 6. Nc3 g6 7. d4 cxd4 8. Qxd4
Bg7 9. Rd1 O-O 10. Qh4 Re8 11. Be3 Nbd7 12. Rac1 Rc8 13. b3 a6 14. Bh3 Rc7 15.
g4 Bxf3 16. exf3 Ne5 17. Bg2 Rc8 18. g5 Nfd7 19. f4 Nc6 20. Bh3 Rb8 21. f5 Nf8
22. Ne4 Ne5 23. Qg3 Ned7 24. f6 exf6 25. Nxd6 Re5 26. f4 Ra5 27. Qf2 f5 28. a4
Qe7 29. Bg2 Rc5 30. Rd3 Ne6 31. Rcd1 Rc7 32. b4 h6 33. h4 hxg5 34. hxg5 Ndf8 35.
Bxb6 Rxb6 36. Qxb6 Nxf4 37. R3d2 N8e6 38. Kf1 Qxg5 39. Qxa6 Nh5 40. Qa8+ Bf8 41.
Rf2 Nef4 42. Rxf4 Nxf4 43. a5 Nxg2 44. Qxg2 Qh5 45. Qe2 Qh1+ 46. Kf2 Qh4+ 47.
Kg2 Bxd6 48. Rxd6 Rxc4 0-1

[Event "47th Biel Master Open"]
[Site "Biel SUI"]
[Date "2014.07.23"]
[Round "9.6"]
[White "Sebenik, Matej"]
[Black "Bok, Benjamin"]
[Result "1/2-1/2"]
[WhiteTitle "GM"]
[BlackTitle "GM"]
[WhiteElo "2516"]
[BlackElo "2586"]
[WhiteFideId "14602296"]
[BlackFideId "1017063"]
[EventDate "2014.07.14"]

1. d4 Nf6 2. c4 g6 3. Nf3 Bg7 4. g3 c5 5. Bg2 cxd4 6. Nxd4 O-O 7. O-O d5 8. cxd5
Nxd5 9. Nc3 Nxc3 10. bxc3 Nc6 11. Nxc6 bxc6 12. Qxd8 Rxd8 13. Bxc6 Bxc3 14. Rb1
Bf5 15. e4 Rac8 16. Bb7 Bh3 17. Bxc8 Bxf1 18. Kxf1 Rxc8 19. Be3 Rc7 20. Rc1 a6
21. Ke2 Ba5 22. Rxc7 Bxc7 23. Kd3 Kf8 24. Kc4 Ke8 25. h3 1/2-1/2

[Event "47th Biel Master Open"]
[Site "Biel SUI"]
[Date "2014.07.23"]
[Round "9.7"]
[White "Roiz, Michael"]
[Black "Molner, Mackenzie"]
[Result "1/2-1/2"]
[WhiteTitle "GM"]
[BlackTitle "GM"]
[WhiteElo "2572"]
[BlackElo "2504"]
[WhiteFideId "2804158"]
[BlackFideId "2021722"]
[EventDate "2014.07.14"]

1. d4 Nf6 2. c4 g6 3. g3 c5 4. Nf3 cxd4 5. Nxd4 Bg7 6. Bg2 O-O 7. Nc3 Qc7 8. Qd3
Nc6 9. O-O d6 10. Nxc6 bxc6 11. Bf4 Ba6 12. Rac1 Rac8 13. b3 Nh5 14. Be3 d5 15.
Na4 d4 16. Bd2 1/2-1/2

[Event "47th Biel Master Open"]
[Site "Biel SUI"]
[Date "2014.07.23"]
[Round "9.8"]
[White "Studer, Noel"]
[Black "Ganguly, Surya Shekhar"]
[Result "0-1"]
[WhiteTitle "FM"]
[BlackTitle "GM"]
[WhiteElo "2375"]
[BlackElo "2619"]
[WhiteFideId "1319620"]
[BlackFideId "5002150"]
[EventDate "2014.07.14"]

1. e4 e5 2. Nf3 Nc6 3. Bc4 Nf6 4. d3 Bc5 5. c3 a6 6. h3 d6 7. Bb3 Ba7 8. Nbd2
O-O 9. O-O Be6 10. Nc4 h6 11. Re1 Re8 12. Ne3 d5 13. exd5 Nxd5 14. d4 Nxe3 15.
Bxe3 exd4 16. cxd4 Bd5 17. Rc1 Re7 18. Ba4 Qd6 19. Nh4 Re4 20. Nf5 Qg6 21. Ng3
Ree8 22. Bc2 Qf6 23. Nh5 Qh4 24. Nf4 Be4 25. Bb3 Rad8 26. g3 Qf6 27. d5 Nd4 28.
Bxd4 Bxd4 29. Rxc7 Bxf2+ 30. Kxf2 Qb6+ 31. Re3 Qxc7 32. Qe2 Qc5 33. Kf1 Qc1+ 34.
Kf2 Qh1 35. Qg4 Qh2+ 36. Kf1 Rc8 37. d6 Rc1+ 0-1